[Event "Sachsen-Anhalt Verbandsliga 18/19"]
[Site "Sachsen Anhalt"]
[Date "2019.04.07"]
[Round "9.4"]
[White "Kurth, Uwe"]
[Black "Schulz, Marcel"]
[Result "0-1"]
[WhiteElo "2041"]
[BlackElo "2013"]
[PlyCount "78"]
[EventDate "2018.10.21"]
[EventType "team-tourn"]
[EventRounds "9"]
[EventCountry "GER"]
[SourceTitle "EXT 2022"]
[Source "ChessBase"]
[SourceDate "2021.10.06"]
[SourceVersion "1"]
[SourceVersionDate "2021.10.06"]
[SourceQuality "1"]
[WhiteTeam "Graefenhainichen"]
[BlackTeam "Magdeburg Aufbau Elbe II"]
[WhiteTeamCountry "GER"]
[BlackTeamCountry "GER"]

1. e4 g6 2. d4 Bg7 3. Nc3 c5 4. Nf3 cxd4 5. Nxd4 Nc6 6. Be3 Nf6 7. Be2 0-0 8. Nb3 d6 9. f4 a6 10. Qd2 b5 11. Bf3 Bb7 12. 0-0 Nd7 13. e5 Nb6 14. Bxc6 Bxc6 15. Na5 Qc7 16. Qf2 Nc8 17. Nxc6 Qxc6 18. Bd4 b4 19. Ne2 e6 20. c3 bxc3 21. Rac1 Ne7 22. Rxc3 Qd7 23. Rh3 Nf5 24. Bc3 Qa7 25. Qxa7 Rxa7 26. g4 Nh6 27. exd6 Nxg4 28. Rd1 Rd8 29. Ba5 Rdd7 30. Rb3 Bf8 31. Rb8 Kg7 32. Bb6 Bxd6 33. Rxd6 Rxd6 34. Bxa7 Rd2 35. h3 Nf6 36. Kf2 Rd3 37. Bd4 Rxh3 38. Ng3 Rh4 39. Be5 Kh6 0-1

[Event "Dresden ZMD op 22nd"]
[Site "Dresden"]
[Date "2013.08.11"]
[Round "2"]
[White "Rother, Moritz"]
[Black "Schulz, Marcel"]
[Result "1-0"]
[WhiteElo "2136"]
[BlackElo "2046"]
[PlyCount "69"]
[EventDate "2013.08.10"]
[EventType "swiss"]
[EventRounds "9"]
[EventCountry "GER"]
[SourceTitle "CBM 155 Extra"]
[Source "ChessBase"]
[SourceDate "2013.08.26"]
[SourceVersion "1"]
[SourceVersionDate "2013.08.26"]
[SourceQuality "1"]

1. e4 c5 2. c3 Nf6 3. e5 Nd5 4. d4 cxd4 5. cxd4 e6 6. Nc3 Nxc3 7. bxc3 Nc6 8. f4 d6 9. Nf3 Qc7 10. Bd2 Bd7 11. Bd3 d5 12. 0-0 Be7 13. Qe2 Na5 14. h4 Nc4 15. Be1 b5 16. h5 g6 17. Bh4 Bxh4 18. Nxh4 0-0-0 19. Nf3 Bc6 20. h6 Qe7 21. Rfb1 Qf8 22. a4 a6 23. axb5 Bxb5 24. Ng5 Qe7 25. Qa2 Qb7 26. Ne4 dxe4 27. Bxc4 Rd5 28. Bxd5 exd5 29. Qa3 Rd8 30. Qc5+ Kb8 31. Rxa6 Bxa6 32. Rxb7+ Bxb7 33. Qe7 Rc8 34. Qxf7 e3 35. e6 1-0

[Event "Dresden ZMD op-A 21st"]
[Site "Dresden"]
[Date "2012.08.19"]
[Round "2"]
[White "Schulz, Marcel"]
[Black "Gebigke, Martin"]
[Result "1-0"]
[WhiteElo "2059"]
[BlackElo "2064"]
[PlyCount "59"]
[EventDate "2012.08.18"]
[EventType "swiss"]
[EventRounds "9"]
[EventCountry "GER"]
[SourceTitle "CBM 150 Extra"]
[Source "ChessBase"]
[SourceDate "2012.10.19"]
[SourceVersion "1"]
[SourceVersionDate "2012.10.19"]
[SourceQuality "1"]

1. e4 c5 2. Nf3 d6 3. d4 cxd4 4. Nxd4 Nf6 5. Nc3 a6 6. Bg5 e6 7. f4 Be7 8. Qf3 Qc7 9. 0-0-0 Nbd7 10. g4 b5 11. Bxf6 Nxf6 12. g5 Nd7 13. f5 Bxg5+ 14. Kb1 Ne5 15. Qh5 Qe7 16. Rg1 Bf6 17. fxe6 Bxe6 18. Nxe6 g6 19. Nc7+ Qxc7 20. Nd5 Qd8 21. Qh6 Nc6 22. Bh3 Be5 23. Rg5 Ra7 24. Rf1 Qa5 25. Rxe5+ Nxe5 26. Qg7 Rf8 27. Nf6+ Ke7 28. Nxh7 Rfa8 29. Qf6+ Ke8 30. Qxd6 1-0

[Event "Oberliga Ost-A 1011"]
[Site "Germany"]
[Date "2010.10.24"]
[Round "1.7"]
[White "Schulz, Marcel"]
[Black "Poenisch, Egmont"]
[Result "0-1"]
[WhiteElo "1835"]
[BlackElo "2102"]
[PlyCount "54"]
[EventDate "2010.10.24"]
[EventType "team-tourn"]
[EventRounds "11"]
[EventCountry "GER"]
[SourceTitle "EXT 2012"]
[Source "ChessBase"]
[SourceDate "2011.11.24"]
[SourceVersion "1"]
[SourceVersionDate "2011.11.24"]
[SourceQuality "1"]
[WhiteTeam "Magdeburg Aufbau Elbe"]
[BlackTeam "Coswig"]
[WhiteTeamCountry "GER"]
[BlackTeamCountry "GER"]

1. Nc3 g6 2. e4 Bg7 3. h4 h5 4. Bc4 d6 5. d3 c6 6. Bb3 Na6 7. Be3 Nc7 8. d4 Nf6 9. f3 Be6 10. Qd2 Bxb3 11. axb3 b6 12. Nh3 e5 13. 0-0-0 Rc8 14. Ng5 0-0 15. Qe2 exd4 16. Bxd4 Qe7 17. g4 Rfe8 18. Bxf6 Qxf6 19. gxh5 gxh5 20. f4 Qh6 21. Qc4 d5 22. exd5 Nxd5 23. Nxd5 cxd5 24. Qxd5 Qf6 25. Rd4 Rcd8 26. Qxf7+ Qxf7 27. Nxf7 Rxd4 0-1

[Event "Oberliga Ost-A 0910"]
[Site "Germany"]
[Date "2010.04.11"]
[Round "11.6"]
[White "Sonntag, Hermann"]
[Black "Schulz, Marcel"]
[Result "1/2-1/2"]
[WhiteElo "2113"]
[BlackElo "1826"]
[PlyCount "33"]
[EventDate "2009.10.18"]
[EventType "team-tourn"]
[EventRounds "11"]
[EventCountry "GER"]
[SourceTitle "EXT 2011"]
[Source "ChessBase"]
[SourceDate "2010.11.26"]
[SourceVersion "1"]
[SourceVersionDate "2010.11.26"]
[SourceQuality "1"]
[WhiteTeam "Leipzig Lok II"]
[BlackTeam "Magdeburg Aufbau Elbe"]
[WhiteTeamCountry "GER"]
[BlackTeamCountry "GER"]

1. e4 c5 2. Nf3 d6 3. c3 Nf6 4. h3 Nc6 5. Bd3 g6 6. Bc2 Bg7 7. 0-0 0-0 8. d4 cxd4 9. cxd4 Nb4 10. Nc3 Nxc2 11. Qxc2 Bd7 12. a4 Rc8 13. Qb3 Qa5 14. Be3 Rc7 15. Rfc1 Rfc8 16. g4 Be6 17. d5 1/2-1/2

[Event "GER-chT U20"]
[Site "Arendsee"]
[Date "2008.12.29"]
[Round "6.3"]
[White "Sanning, Nico"]
[Black "Schulz, Marcel"]
[Result "1-0"]
[WhiteElo "1957"]
[BlackElo "1840"]
[PlyCount "64"]
[EventDate "2008.12.27"]
[EventType "team-swiss"]
[EventRounds "7"]
[EventCountry "GER"]
[SourceTitle "CBM 128 Extra"]
[Source "ChessBase"]
[SourceDate "2009.03.05"]
[SourceVersion "2"]
[SourceVersionDate "2009.03.25"]
[SourceQuality "1"]
[WhiteTeam "Nordhorn Blanke"]
[BlackTeam "Magdeburg Aufbau Elbe"]
[WhiteTeamCountry "GER"]
[BlackTeamCountry "GER"]

1. e4 c5 2. c3 Nf6 3. e5 Nd5 4. d4 cxd4 5. Nf3 e6 6. cxd4 b6 7. Nbd2 Qc7 8. Bd3 Bb7 9. 0-0 d6 10. Ne4 Nd7 11. exd6 Bxd6 12. Bd2 0-0 13. Rc1 Qb8 14. Bb1 Be7 15. Re1 N7f6 16. Ne5 Nxe4 17. Rxe4 Qd6 18. Rg4 Nf6 19. Rh4 Rac8 20. Bc3 Qd5 21. Nf3 Rfd8 22. Qd3 g6 23. Re1 Nd7 24. Rh3 Bf6 25. Qe3 Qd6 26. Qh6 Nf8 27. Ne5 Qe7 28. a3 Bg5 29. Bb4 Qf6 30. Ng4 Qf4 31. Bd2 Qxd2 32. Nf6+ Kh8 1-0

[Event "GER North-chT U16"]
[Site "Magdeburg"]
[Date "2006.08.26"]
[Round "2.3"]
[White "Schulz, Marcel"]
[Black "Schiffner, Alexander"]
[Result "1-0"]
[WhiteElo "1744"]
[BlackElo "1170"]
[PlyCount "39"]
[EventDate "2006.08.26"]
[EventType "team"]
[EventRounds "7"]
[EventCountry "GER"]
[SourceTitle "EXT 2007"]
[Source "ChessBase"]
[SourceDate "2006.11.23"]
[SourceVersion "1"]
[SourceVersionDate "2006.11.23"]
[SourceQuality "1"]

1. e4 c5 2. Nf3 Nc6 3. d4 cxd4 4. Nxd4 e6 5. Nc3 Nf6 6. Be3 Bb4 7. f3 0-0 8. a3 Be7 9. Qd2 Qb6 10. Rb1 Bc5 11. Na4 Bb4 12. axb4 Qc7 13. Be2 a6 14. 0-0 d6 15. Rfd1 Bd7 16. b3 b5 17. Nb2 Rac8 18. c4 bxc4 19. bxc4 a5 20. Nxc6 1-0

[Event "GER-ch U12"]
[Site "Willingen"]
[Date "2003.06.14"]
[Round "11"]
[White "Moshtael, Wesal"]
[Black "Schulz, Marcel"]
[Result "1/2-1/2"]
[WhiteElo "1578"]
[BlackElo "1406"]
[PlyCount "74"]
[EventDate "2003.06.08"]
[EventType "swiss"]
[EventRounds "11"]
[EventCountry "GER"]
[SourceTitle "CBM 094 Extra"]
[Source "ChessBase"]
[SourceDate "2003.07.09"]
[SourceVersion "2"]
[SourceVersionDate "2003.07.09"]
[SourceQuality "1"]

1. d4 f5 2. Bg5 g6 3. e3 Bg7 4. Bd3 h6 5. Bh4 Nf6 6. Nd2 0-0 7. Ne2 d6 8. Nf3 Nc6 9. Bc4+ Kh7 10. Nf4 e5 11. dxe5 dxe5 12. Qxd8 Rxd8 13. Bxf6 Bxf6 14. Nd5 Bg7 15. Nxc7 Rb8 16. Nd2 Nb4 17. 0-0-0 e4 18. a3 Nc6 19. Nb3 Rd7 20. Rxd7 Bxd7 21. Nc5 Rc8 22. Rd1 Ne5 23. Nxd7 Rxc7 24. Nxe5 Bxe5 25. Be6 Kg7 26. Rd7+ Rxd7 27. Bxd7 Bxh2 28. Kd2 Be5 29. b3 Kf6 30. c4 Bd6 31. b4 Be5 32. a4 g5 33. g4 f4 34. Bc8 b6 35. Bb7 Bd6 36. b5 Bb4+ 37. Ke2 Ke5 1/2-1/2

[Event "GER-ch U12"]
[Site "Willingen"]
[Date "2003.06.11"]
[Round "7"]
[White "Roitzsch, Philippe"]
[Black "Schulz, Marcel"]
[Result "0-1"]
[WhiteElo "1612"]
[BlackElo "1406"]
[PlyCount "82"]
[EventDate "2003.06.08"]
[EventType "swiss"]
[EventRounds "11"]
[EventCountry "GER"]
[SourceTitle "CBM 094 Extra"]
[Source "ChessBase"]
[SourceDate "2003.07.09"]
[SourceVersion "2"]
[SourceVersionDate "2003.07.09"]
[SourceQuality "1"]

1. e4 c5 2. d4 cxd4 3. c3 d3 4. Bxd3 g6 5. Nf3 Bg7 6. Bc4 Nc6 7. 0-0 Nf6 8. Qe2 d6 9. Rd1 Qc7 10. Bf4 Nd7 11. Nbd2 0-0 12. Bb3 Nde5 13. Nd4 a6 14. N2f3 Bg4 15. h3 Nxd4 16. cxd4 Nxf3+ 17. gxf3 Bxh3 18. Kh2 Bd7 19. Be3 Bb5 20. Qd2 Rfd8 21. Rac1 Qd7 22. Rh1 Rac8 23. Rcg1 Ba4 24. Kg2 Bxb3 25. axb3 Rc7 26. Bh6 Bh8 27. Bf4 Rdc8 28. Bg3 h5 29. Rh3 Rc2 30. Qf4 Bg7 31. Kh2 Qe6 32. Qe3 Rxb2 33. d5 Qd7 34. Qg5 Bf6 35. Qf4 Rxf2+ 36. Rg2 Rxg2+ 37. Kxg2 Rc2+ 38. Bf2 Rxf2+ 39. Kxf2 Qxh3 40. Ke2 Qg2+ 41. Kd3 Qf1+ 0-1

[Event "GER-ch U12"]
[Site "Willingen"]
[Date "2003.06.10"]
[Round "6"]
[White "Reipschlaeger, Tom"]
[Black "Schulz, Marcel"]
[Result "0-1"]
[WhiteElo "1099"]
[BlackElo "1406"]
[PlyCount "90"]
[EventDate "2003.06.08"]
[EventType "swiss"]
[EventRounds "11"]
[EventCountry "GER"]
[SourceTitle "CBM 094 Extra"]
[Source "ChessBase"]
[SourceDate "2003.07.09"]
[SourceVersion "2"]
[SourceVersionDate "2003.07.09"]
[SourceQuality "1"]

1. d4 f5 2. Nf3 Nf6 3. c4 g6 4. Bf4 Bg7 5. Qd2 0-0 6. Nc3 d6 7. Bh6 Nc6 8. Bxg7 Kxg7 9. e3 e5 10. Qc2 a6 11. Rd1 Qe8 12. Be2 h6 13. Nd2 g5 14. e4 Nxd4 15. Qd3 f4 16. Nd5 Nxd5 17. exd5 Bf5 18. Ne4 Qg6 19. f3 g4 20. Kd2 Kh8 21. Rhg1 Qh7 22. Rde1 Bxe4 23. fxe4 Nxe2 24. Kxe2 h5 25. Kd2 Qh6 26. Kc2 Qf6 27. h3 Qh4 28. hxg4 Qxg4 29. Qe2 Kg7 30. Qf3 Kf6 31. Qxg4 hxg4 32. Ref1 Rh8 33. Kd3 Kg5 34. Rc1 Rh7 35. c5 Rah8 36. cxd6 cxd6 37. Rb1 Rh2 38. b4 Rc8 39. a4 Kh4 40. Rb3 Kg5 41. a5 Rh7 42. b5 Rhc7 43. bxa6 bxa6 44. Ra1 Rc2 45. Rb7 R8c3# 0-1

[Event "GER-chT U12"]
[Site "Verden an der Aller"]
[Date "2002.12.27"]
[Round "1.4"]
[White "Schulz, Marcel"]
[Black "Belger, Christian"]
[Result "0-1"]
[WhiteElo "1163"]
[BlackElo "1316"]
[PlyCount "66"]
[EventDate "2002.12.27"]
[EventType "team"]
[EventRounds "7"]
[EventCountry "GER"]
[SourceTitle "CBM 092 Extra"]
[Source "ChessBase"]
[SourceDate "2003.03.07"]
[SourceVersion "1"]
[SourceVersionDate "2003.03.07"]
[SourceQuality "1"]

1. Nf3 c5 2. g3 Nc6 3. Bg2 Nf6 4. d3 d5 5. 0-0 Bg4 6. Nbd2 e6 7. e4 Be7 8. h3 Bh5 9. g4 Bg6 10. Nh4 0-0 11. Nxg6 fxg6 12. f4 Qd7 13. f5 gxf5 14. exf5 exf5 15. Rxf5 Nd4 16. Rf2 h6 17. Nf3 Nxf3+ 18. Rxf3 Nh7 19. Bd2 Ng5 20. Rf1 Rxf1+ 21. Qxf1 Rf8 22. Qe2 Bf6 23. c3 Re8 24. Qd1 Kh8 25. Qb3 d4 26. Qxb7 Qxb7 27. Bxb7 Rb8 28. Bd5 Rxb2 29. Bxg5 Bxg5 30. cxd4 cxd4 31. a4 Rd2 32. Be4 Be3+ 33. Kh1 Rc2 0-1